000 01281nam a2200313 i 4500
003 EG-GICUC
005 20260121101452.0
008 251211s1966 ua ||||fr|||| 00| 0 ara d
040 _a EG-GICUC
_bara
_c EG-GICUC
_d EG-GICUC
_erda
041 _aara
082 0 4 _221
_a343.6
_bر م . ع
092 0 4 _221
099 _aLaw1 10 343.6 ر م . ع 3 ed - 1966
100 0 _aرمسيس بهنام
_eمؤلف.
245 1 0 _aعلم الاجرام.
_nالجزء الثاني والثالث،
_pعلم الاجتماع الجنائي وعلم السياسة الجنائية او الوقاية والتقويم /
_cرمسيس بهنام.
250 _aالطبعة الثالثة
264 1 _aالإسكندرية :
_bمنشأت المعارف ،
_c1966.
300 _a534 صفحة ؛
_c24 سم.
336 _2rda content
_atext
337 _2rda media
_aComputer
338 _2rda carrier
_aOnline Resource
504 _aيشتمل على ارجاعات ببليوجرافية
546 _aالنص أغلبه باللغة العربية بعض النصوص الإنجليزية والفرنسية
650 1 4 _aعلم الإجرام
651 1 _2qrmak
856 4 0 _uhttps://fll.law.cu.edu.eg/fulltext/bks/B10-07241.pdf
905 _a75
_eHassnaa
942 _2ddc
_cBK
_e21
_n0
999 _c49824
_d49824